<?xml version="1.0" encoding="UTF-8"?>
<record
    xmlns:xsi="http://www.w3.org/2001/XMLSchema-instance"
    xsi:schemaLocation="http://www.loc.gov/MARC21/slim http://www.loc.gov/standards/marcxml/schema/MARC21slim.xsd"
    xmlns="http://www.loc.gov/MARC21/slim">

  <leader>02063nam a2200361   4500</leader>
  <controlfield tag="003">AR-BeUNQ</controlfield>
  <controlfield tag="005">20251205201304.0</controlfield>
  <controlfield tag="007">ta</controlfield>
  <controlfield tag="008">251205s2025    ag a          000 0 spa d</controlfield>
  <datafield tag="020" ind1=" " ind2=" ">
    <subfield code="a">9789500211468</subfield>
  </datafield>
  <datafield tag="040" ind1=" " ind2=" ">
    <subfield code="a">AR-BeUNQ</subfield>
    <subfield code="b">spa</subfield>
    <subfield code="c">AR-BeUNQ</subfield>
    <subfield code="e">aacr</subfield>
  </datafield>
  <datafield tag="082" ind1="0" ind2="7">
    <subfield code="a">613.2</subfield>
    <subfield code="2">21</subfield>
  </datafield>
  <datafield tag="100" ind1="1" ind2=" ">
    <subfield code="a">L&#xF3;pez, Laura Beatriz,</subfield>
    <subfield code="d">1962-</subfield>
  </datafield>
  <datafield tag="245" ind1="1" ind2="0">
    <subfield code="a">Fundamentos de nutrici&#xF3;n normal /</subfield>
    <subfield code="c">Laura Beatriz L&#xF3;pez, Marta Mar&#xED;a Su&#xE1;rez.</subfield>
  </datafield>
  <datafield tag="250" ind1=" " ind2=" ">
    <subfield code="a">3a ed.</subfield>
  </datafield>
  <datafield tag="260" ind1=" " ind2=" ">
    <subfield code="a">Buenos Aires : </subfield>
    <subfield code="b">El Ateneo,</subfield>
    <subfield code="c">2025</subfield>
  </datafield>
  <datafield tag="300" ind1=" " ind2=" ">
    <subfield code="a">518 p. :            _c23 cm.</subfield>
    <subfield code="b">il. byn, diagrs ;</subfield>
    <subfield code="c">23 cm.</subfield>
  </datafield>
  <datafield tag="505" ind1="0" ind2=" ">
    <subfield code="a">Cap. 1: Historia de la ciencia de la nutrici&#xF3;n -- Cap. 2: Definici&#xF3;n de conceptos relacionados con la nutrici&#xF3;n -- Cap. 3: Requerimientos y recomendaciones nutricionales -- Cap. 4: Energ&#xED;a -- Cap. 5: Carbohidratos -- Cap. 6: Prote&#xED;nas -- Cap. 7: L&#xED;pidos -- Cap. 8: Vitaminas liposolubles -- Cap. 9: Vitaminas hidrosolubles -- Cap. 10: Macrominerales -- Cap. 11: Oligoelementos con recomendaciones de ingesta establecidas -- Cap. 12: Otros oligoelementos -- Cap. 13: Agua -- Cap. 14: Alimentaci&#xF3;n para la actividad f&#xED;sico-deportiva -- Cap. 15: Nutrici&#xF3;n durante la gestaci&#xF3;n y la lactancia -- Cap. 16: Nutrici&#xF3;n en el adulto mayor.</subfield>
  </datafield>
  <datafield tag="650" ind1=" " ind2="7">
    <subfield code="a">Nutrici&#xF3;n</subfield>
    <subfield code="2">spines</subfield>
  </datafield>
  <datafield tag="650" ind1=" " ind2="7">
    <subfield code="a">Alimentos</subfield>
    <subfield code="2">spines</subfield>
  </datafield>
  <datafield tag="650" ind1=" " ind2="7">
    <subfield code="a">Deportistas</subfield>
    <subfield code="2">spines</subfield>
  </datafield>
  <datafield tag="650" ind1=" " ind2="7">
    <subfield code="a">Embarazo</subfield>
    <subfield code="2">spines</subfield>
  </datafield>
  <datafield tag="650" ind1=" " ind2="7">
    <subfield code="a">Gestaci&#xF3;n</subfield>
    <subfield code="2">spines</subfield>
  </datafield>
  <datafield tag="650" ind1=" " ind2="7">
    <subfield code="a">Lactancia</subfield>
    <subfield code="2">spines</subfield>
  </datafield>
  <datafield tag="650" ind1=" " ind2="7">
    <subfield code="a">Adultos</subfield>
    <subfield code="2">spines</subfield>
  </datafield>
  <datafield tag="650" ind1=" " ind2="7">
    <subfield code="a">Ancianos</subfield>
    <subfield code="2">spines</subfield>
  </datafield>
  <datafield tag="929" ind1=" " ind2=" ">
    <subfield code="a">COMPRA</subfield>
    <subfield code="b">Marcos Buchin</subfield>
    <subfield code="c">Compra 2025 Exp. 827-1393/2025</subfield>
    <subfield code="d">35000</subfield>
    <subfield code="e">20251009</subfield>
    <subfield code="f">PAT0084554</subfield>
    <subfield code="h">1</subfield>
    <subfield code="j">63805</subfield>
  </datafield>
  <datafield tag="929" ind1=" " ind2=" ">
    <subfield code="a">COMPRA</subfield>
    <subfield code="b">Marcos Buchin</subfield>
    <subfield code="c">Compra 2025 Exp. 827-1393/2025</subfield>
    <subfield code="d">35000</subfield>
    <subfield code="e">20251009</subfield>
    <subfield code="f">PAT0084555</subfield>
    <subfield code="h">2</subfield>
    <subfield code="j">63806</subfield>
  </datafield>
  <datafield tag="929" ind1=" " ind2=" ">
    <subfield code="a">COMPRA</subfield>
    <subfield code="b">Marcos Buchin</subfield>
    <subfield code="c">Compra 2025 Exp. 827-1393/2025</subfield>
    <subfield code="d">35000</subfield>
    <subfield code="e">20251009</subfield>
    <subfield code="f">PAT0084556</subfield>
    <subfield code="h">3</subfield>
    <subfield code="j">63807</subfield>
  </datafield>
  <datafield tag="929" ind1=" " ind2=" ">
    <subfield code="a">COMPRA</subfield>
    <subfield code="b">Marcos Buchin</subfield>
    <subfield code="c">Compra 2025 Exp. 827-1393/2025</subfield>
    <subfield code="d">35000</subfield>
    <subfield code="e">20251009</subfield>
    <subfield code="f">PAT0084557</subfield>
    <subfield code="h">4</subfield>
    <subfield code="j">63808</subfield>
  </datafield>
  <datafield tag="929" ind1=" " ind2=" ">
    <subfield code="a">COMPRA</subfield>
    <subfield code="b">Marcos Buchin</subfield>
    <subfield code="c">Compra 2025 Exp. 827-1393/2025</subfield>
    <subfield code="d">35000</subfield>
    <subfield code="e">20251009</subfield>
    <subfield code="f">PAT0084558</subfield>
    <subfield code="h">5</subfield>
    <subfield code="j">63809</subfield>
  </datafield>
  <datafield tag="942" ind1=" " ind2=" ">
    <subfield code="2">ddc</subfield>
    <subfield code="n">0</subfield>
    <subfield code="c">LIB</subfield>
  </datafield>
  <datafield tag="999" ind1=" " ind2=" ">
    <subfield code="c">1434</subfield>
    <subfield code="d">1434</subfield>
  </datafield>
  <datafield tag="952" ind1=" " ind2=" ">
    <subfield code="0">0</subfield>
    <subfield code="1">0</subfield>
    <subfield code="a">BIBESET</subfield>
    <subfield code="b">BIBESET</subfield>
    <subfield code="c">circulacion</subfield>
    <subfield code="d">2025-12-05</subfield>
    <subfield code="l">0</subfield>
    <subfield code="o">613.2 LOP</subfield>
    <subfield code="p">63805</subfield>
    <subfield code="r">2025-12-05</subfield>
    <subfield code="t">1</subfield>
    <subfield code="w">2025-12-05</subfield>
    <subfield code="y">LIB</subfield>
  </datafield>
  <datafield tag="952" ind1=" " ind2=" ">
    <subfield code="0">0</subfield>
    <subfield code="1">0</subfield>
    <subfield code="a">BIBESET</subfield>
    <subfield code="b">BIBESET</subfield>
    <subfield code="c">circulacion</subfield>
    <subfield code="d">2025-12-05</subfield>
    <subfield code="l">0</subfield>
    <subfield code="o">613.2 LOP</subfield>
    <subfield code="p">63806</subfield>
    <subfield code="r">2025-12-05</subfield>
    <subfield code="t">2</subfield>
    <subfield code="w">2025-12-05</subfield>
    <subfield code="y">LIB</subfield>
  </datafield>
  <datafield tag="952" ind1=" " ind2=" ">
    <subfield code="0">0</subfield>
    <subfield code="1">0</subfield>
    <subfield code="a">BIBESET</subfield>
    <subfield code="b">BIBESET</subfield>
    <subfield code="c">circulacion</subfield>
    <subfield code="d">2025-12-05</subfield>
    <subfield code="l">0</subfield>
    <subfield code="o">613.2 LOP</subfield>
    <subfield code="p">63807</subfield>
    <subfield code="r">2025-12-05</subfield>
    <subfield code="t">3</subfield>
    <subfield code="w">2025-12-05</subfield>
    <subfield code="y">LIB</subfield>
  </datafield>
  <datafield tag="952" ind1=" " ind2=" ">
    <subfield code="0">0</subfield>
    <subfield code="1">0</subfield>
    <subfield code="a">BIBESET</subfield>
    <subfield code="b">BIBESET</subfield>
    <subfield code="c">circulacion</subfield>
    <subfield code="d">2025-12-05</subfield>
    <subfield code="l">0</subfield>
    <subfield code="o">613.2 LOP</subfield>
    <subfield code="p">63808</subfield>
    <subfield code="r">2025-12-05</subfield>
    <subfield code="t">4</subfield>
    <subfield code="w">2025-12-05</subfield>
    <subfield code="y">LIB</subfield>
  </datafield>
  <datafield tag="952" ind1=" " ind2=" ">
    <subfield code="0">0</subfield>
    <subfield code="1">0</subfield>
    <subfield code="a">BIBESET</subfield>
    <subfield code="b">BIBESET</subfield>
    <subfield code="c">circulacion</subfield>
    <subfield code="d">2025-12-05</subfield>
    <subfield code="l">0</subfield>
    <subfield code="o">613.2 LOP</subfield>
    <subfield code="p">63809</subfield>
    <subfield code="r">2025-12-05</subfield>
    <subfield code="t">5</subfield>
    <subfield code="w">2025-12-05</subfield>
    <subfield code="y">LIB</subfield>
  </datafield>
</record>
